Responses for Show #3770 - Friday, January 12, 2001

Michael Arnone game 4.

Contestants

[<< previous game]

John Burke, a seventh grade teacher from Los Angeles, California

Jess Holloway, an artist from Seattle, Washington

Michael Arnone, a graduate student originally from Pennington, New Jersey (whose 3-day cash winnings total $40,899)

[next game >>]

Jeopardy! Round responses

FASHION FORWARD
EUROPEAN HISTORY
COMIC STRIPPERS
(Alex: You identify the comic strip.)
YES SIR, THAT'S MY SCIENTIST
NEW MEXICO
"POMP" IT UP!
    $100 2
Kevin Spacey

Michael
    $100 1
(John: What is chancellor?)

Kaiser

JessJohn
    $100 4
Doonesbury

Michael
    $100 8
Penicillin

John
    $100 13
Albuquerque

Michael
    $100 17
"Pomp and Circumstance"

Michael
    $200 9
Courtney Love

Jess
    $200 3
Sagas

John
    $200 5
Li'l Abner

John
    $200 25
(we have less than a minute to go...)

Water

Jess
    $200 22
Los Alamos

Michael
    $200 15
Pompadour

Jess
    $300 10
Old Navy

Michael
    $300 16
Austria-Hungary

John
    $300 6
Garfield

John
    $300 27
Lighthouses

John
    $800 23
Roswell

Michael
    $300 18
Pompano

Triple Stumper
    $400 11
Coco Chanel

John
    $400 21
The Netherlands/Holland

John
    $400 7
The Family Circus

Jess
    $400 29
Tsetse fly

Jess
    $400 24
Santa Fe

John
    $400 19
Georges Pompidou

Michael
    $500 12
Lucy Liu

Jess
    $500 26
Minoan

Michael
    $500 14
(John: What is "Prince Valiant?")

The Wizard of Id

JessJohn
    $500 30
(M: What is an MRI?)

CAT Scan

MichaelJess
    $500 28
Taos

John
    $500 20
Pompey the Great

Michael

Scores at the first commercial break (after clue 15):

Michael Jess John
$600 $1,900 $600

Scores at the end of the Jeopardy! Round:

Michael Jess John
$2,600 $3,000 $2,500

Double Jeopardy! Round responses

FASHION BACKWARD
(Alex: Not fashion forward.)
ELECTION NIGHT PARTIES
(Alex: We will name a candidate for you, give you a year; you have to identify the party that selected the individual.)
ON LOCATION
LITERARY QUOTES
MILITARY MATTERS
CONSECUTIVE NUMBERS
    $200 4
Bicycles

Michael
    $200 6
Democrat

John
    $200 12
(Jess: [No response.])
(John: What is "Platoon?")

Apocalypse Now

MichaelJessJohn
    $200 7
Huckleberry Finn

John
    $200 17
7, 8

John
    $400 3
Yves Saint Laurent

Jess
    $400 13
Vancouver

Jess
    $400 8
Clap your hands (from "Peter Pan")

John
    $400 24
27, 28 & 29

Michael
    $600 1
Bolero

John
    $600 19
(Jess: What is Whig?)

Federalist

MichaelJess
    $600 14
The Age of Innocence

Michael
    $600 9
"David Copperfield"

John
    $600 21
Claudius

Michael
    $1,000 25
(M: What are 61 & 62?)

69 & 70

Michael
    $800 2
Twiggy

Jess
    $800 18
Libertarian

Triple Stumper
    $800 15
(M: What is Palm Beach?)

Rosarito Beach

Michael
Triple Stumper
    $800 10
(John: What are leaves of grass?)

Lilacs

JessJohn
    $800 22
(minute to go, Michael...)

Transportation

Triple Stumper
    $800 27
(buzzer sounds)

I, II, III & IV

Triple Stumper
    $1000 5
Peter Paul Rubens

Michael
    $1000 20
Whig

John
    $1000 16
Sommersby

Michael
    $500 11
(Jess: I don't know.)

"The Last of the Mohicans"

Jess
    $1000 23
Hotel des Invalides

Michael
    $1000 26
(M: What are 107, 108 & 109?)

99, 100 & 101

Michael
Triple Stumper

Scores at the end of the Double Jeopardy! Round:

Michael Jess John
$5,400 $4,100 $4,700

[wagering suggestions for these scores]

Final Jeopardy! Round responses

TELEVISION
(Alex: "Open, sesame!" - "Ali Baba and the Forty Thieves")
JessWhat is Charmed?
$4,000
JohnWhat is Ally McBeal?
$3,500
MichaelWhat is Sesame Street?
$5,400
Sesame Street

Final scores:

Michael Jess John
$10,800 $100 $1,200
4-day champion: $51,699 3rd place: Epson Prize Package 2nd place: Trip to Oahu, Hawaii, courtesy of Yahoo! Travel

Game dynamics:

Coryat scores:

Michael Jess John
$5,900 $4,600 $4,700
19 R
(including 1 DD),
4 W
(including 1 DD)
13 R,
3 W
(including 1 DD)
17 R,
4 W

Combined Coryat: $15,200

[game clues] [game scores] [suggest correction]

Game tape date: 2000-11-01
The J! Archive is created by fans, for fans. Scraping, republication, monetization, and malicious use prohibited; this site may use cookies and collect identifying information. See terms. The Jeopardy! game show and all elements thereof, including but not limited to copyright and trademark thereto, are the property of Jeopardy Productions, Inc. and are protected under law. This website is not affiliated with, sponsored by, or operated by Jeopardy Productions, Inc. Join the discussion at JBoard.tv.